LEADER 01044nam0-2200349---450- 001 990009952970403321 005 20150924150551.0 010 $a978-1-84334-744-6 035 $a000995297 035 $aFED01000995297 035 $a(Aleph)000995297FED01 035 $a000995297 100 $a20150413d2014----km-y0itay50------ba 101 0 $aeng 102 $aGB 105 $ay-------001yy 200 1 $aLibraries and public perception$ea comparative analysis of the European press$fAnna Galluzzi 210 $aAmsterdam [etc.]$cChandos Publishing$d2014 215 $aXI, 137 p.$d22 cm 610 0 $aBiblioteche$aEuropa$aAspetti sociali$aGiudizi dell'opinione pubblica 676 $a025.00684 676 $a021.2 700 1$aGalluzzi,$bAnna$09734 801 0$aIT$bUNINA$gRICA$2UNIMARC 901 $aBK 912 $a990009952970403321 952 $aGAL025.00684A$b20$fDECBC 952 $a021.2 GAL 1$bbibl.2015/488$fFLFBC 959 $aDECBC 959 $aFLFBC 996 $aLibraries and public perception$9104665 997 $aUNINA LEADER 01694nam 2200409 a 450 001 9910701808603321 005 20120710115316.0 035 $a(CKB)5470000002422026 035 $a(OCoLC)798685711 035 $a(EXLCZ)995470000002422026 100 $a20120710d2012 ua 0 101 0 $aeng 135 $aurcn||||||||| 181 $ctxt$2rdacontent 182 $cc$2rdamedia 183 $acr$2rdacarrier 200 10$aMagnitude of flood flows for selected annual exceedance probabilities in Rhode Island through 2010$b[electronic resource] /$fby Phillip J. Zarriello, Elizabeth A. Ahearn, and Sara B. Levin ; prepared in cooperation with the Department of Homeland Security, Federal Emergency Management Agency 210 1$aReston, Va. :$cU.S. Dept. of the Interior, U.S. Geological Survey,$d2012. 215 $a1 online resource (vii, 81 pages) $ccolor illustrations, color maps 225 1 $aScientific investigations report ;$v2012-5109 300 $aTitle from title screen (viewed on July 10, 2012). 320 $aIncludes bibliographical references (pages 44-48). 606 $aFloods$zRhode Island 606 $aFlood forecasting$zRhode Island 615 0$aFloods 615 0$aFlood forecasting 700 $aZarriello$b Phillip J$01385653 701 $aAhearn$b Elizabeth A$01386383 701 $aLevin$b Sara B$01393716 712 02$aGeological Survey (U.S.) 712 02$aUnited States.$bFederal Emergency Management Agency. 801 0$bGPO 801 1$bGPO 906 $aBOOK 912 $a9910701808603321 996 $aMagnitude of flood flows for selected annual exceedance probabilities in Rhode Island through 2010$93476385 997 $aUNINA